ბათუმის შოთა რუსთაველის სახელმწიფო უნივერსიტეტის ბიბლიოთეკა

Austria in picture / (ბიბ.ჩანაწერი № 60549)

000 -LEADER
fixed length control field 00455nam a22001697a 4500
005 - DATE AND TIME OF LATEST TRANSACTION
control field 20230818102904.0
008 - FIXED-LENGTH DATA ELEMENTS--GENERAL INFORMATION
fixed length control field 230818s1993 enk||||| |||| 00| 0 eng d
020 ## - INTERNATIONAL STANDARD BOOK NUMBER
International Standard Book Number 3900284024
041 ## - LANGUAGE CODE
Language code of text/sound track or separate title eng
080 ## - UNIVERSAL DECIMAL CLASSIFICATION NUMBER
Universal Decimal Classification number 94 Sc-30
100 ## - MAIN ENTRY--PERSONAL NAME
Personal name Schmid, Marion
9 (RLIN) 19690
245 ## - TITLE STATEMENT
Title Austria in picture /
Statement of responsibility, etc. Marion Schmid.
264 ## - PRODUCTION, PUBLICATION, DISTRIBUTION, MANUFACTURE, AND COPYRIGHT NOTICE
Place of production, publication, distribution, manufacture Salzburg,
Date of production, publication, distribution, manufacture, or copyright notice 1993.
300 ## - PHYSICAL DESCRIPTION
Extent 90 p.
Other physical details ill.;
Dimensions 29 cm.
653 ## - INDEX TERM--UNCONTROLLED
keyword ავსტრია სურათზე
942 ## - ADDED ENTRY ELEMENTS (KOHA)
Source of classification or shelving scheme
Koha item type წიგნი
ეგზემპლარები
Withdrawn status Lost status Source of classification or shelving scheme Damaged status Not for loan Permanent Location Current Location Shelving location Date acquired Cost, normal purchase price Full call number Barcode Date last seen Copy number Uniform Resource Identifier Price effective from Koha item type Public note
          ბათუმის შოთა რუსთაველის სახელმწიფო უნივერსიტეტის მთავარი ბიბლიოთეკა ბათუმის შოთა რუსთაველის სახელმწიფო უნივერსიტეტის მთავარი ბიბლიოთეკა წიგნსაცავი 2023-08-18 10.00 94 Sc-30 65114 2023-08-18 65114 ბსუ-ს საპატიო დოქტორის გურამ ლორთქიფანიძის საჩუქარი 2023-08-18 წიგნი 10 ლ.